| 000 | 00514nam a2200193Ia 4500 | ||
|---|---|---|---|
| 005 | 20250508163914.0 | ||
| 008 | 008 250505s9999 xx 000 0 eng d | ||
| 020 | _a81-86867-44-9 | ||
| 037 | _aTextual | ||
| 040 |
_aFEDL _beng _cFEDL |
||
| 041 |
_aeng _2eng |
||
| 084 |
_a294.5921, RAY _qFEDL |
||
| 100 | _aRay Bidyut Lata | ||
| 245 | 0 | _aVedic vision | |
| 260 |
_aNew Delhi, India _bOm Publications _c2001 |
||
| 300 | _a128p. | ||
| 942 |
_cTEXL _h294.5921, RAY |
||
| 999 |
_c1385899 _d1385899 |
||